Responses for Show #4940 - Friday, February 17, 2006

2006 Teen Tournament final game 2.

Contestants

[<< previous game]

Matt Klein, a senior from Pittsford, New York (subtotal of $11,800)

Papa Chakravarthy, a sophomore from Lexington, Kentucky (subtotal of $4,000)

Andrew Kreitz, a senior from Huntington Beach, California (subtotal of $6,500)

[next game >>]

Jeopardy! Round responses

VERTEBRATES
ADAM SANDLER FILMS
TEEN POTPOURRI
SMALLVILLE
TURN ON YOUR COMPUTER
HOMOPHONES
    $200 30
the porcupine

Matt
    $200 29
The Longest Yard

Matt
    $200 15
(Matt: What are ribbons?)
...
(Alex: What do you normally twirl? [*].)

batons

Matt
Triple Stumper
    $200 27
Minnesota

Papa
    $200 2
Flash

Matt
    $200 1
vein/vain

Matt
    $400 12
a whooping crane

Matt
    $400 7
50 First Dates

Papa
    $400 17
(Papa: What is 16?)

18

AndrewPapa
    $400 28
Aladdin

Papa
    $400 3
XP

Matt
    $400 26
(Papa: What... is... smell?)

scent/sent

PapaMatt
    $600 13
trout

Matt
    $600 16
The Wedding Singer

Matt
    $600 18
Chelsea Clinton

Matt
    $600 21
Lone Star

Triple Stumper
    $600 4
broadband

Matt
    $600 25
choose/chews

Matt
    $800 10
a hamster

Papa
    $800 9
Happy Gilmore

Papa
    $800 19
the Girl Scouts

Triple Stumper
    $800 22
Rugby

Papa
    $800 5
protocol

Papa
    $800 11
stationery/stationary

Triple Stumper
    $1000 14
an opossum

Triple Stumper
    $1000 8
(Andrew: Who is Happy Gilmore?)

Billy Madison

AndrewMatt
    $1000 20
Teen Ink

Papa
    $1000 24
Vermont

Matt
    $1000 6
Defense

Papa
    $1,500 23
bridle/bridal

Papa

Scores at the first commercial break (after clue 16):

Andrew Papa Matt
-$1,000 $3,800 $3,800

Scores at the end of the Jeopardy! Round:

Andrew Papa Matt
-$600 $6,900 $6,800

Double Jeopardy! Round responses

FANTASY NOVELS
BORN FIRST
OPERA--IT'S GOOD FOR YOU!
TEEN CUISINE
LET'S LOOK TO THE STARS
SEÑOR CLASS
    $400 1
(C.S.) Lewis

Papa
    $400 11
(Matt: Who is John Steinbeck?)
...
(Alex: Oh, yes, by a long shot.)

John Milton

AndrewMatt
    $400 10
Hans Christian Andersen

Matt
    $400 25
TV dinners

Andrew
    $400 18
the Crab Nebula

Matt
    $400 24
points

Andrew
    $800 6
The Wizard of Oz

Matt
    $800 12
Galileo

Papa
    $800 5
Byron

Matt
    $800 30
submarine

Papa
    $800 17
(Matt: What is the Big Dipper?)

the Little Dipper

AndrewMatt
    $800 14
(Alex: That would be [*], sodium.)

sodio

Triple Stumper
    $1200 7
Conan the Barbarian

Andrew
    $1200 26
Shelley

Papa
    $1200 3
(Papa: What is alto?)
...
(Alex: Half--what is [*]?)

a mezzo-soprano

Papa
Triple Stumper
    $1200 29
(Matt: What are Ho Hos?)

Twinkies

PapaMatt
    $1200 15
binary

Papa
    $1200 23
basketball

Papa
    $1600 8
Dragonlance

Triple Stumper
    $1600 20
Wolfgang Mozart

Papa
    $1600 2
Billy Budd

Papa
    $1600 27
sloppy joes

Matt
    $3,500 13
(Papa: [To Andrew] Not what I was hoping right there.)
(Alex: Now, what?)
(Papa: Not what I was hoping right there.)
(Alex: Oh, really?)
(Papa: Really.)
(Alex: You're all by yourself on this clue; there's no pressure.)
(Papa: Yeah. Okay.)
...
(Alex: The dog star. You are right. $16,000. No sweat.)

Sirius

Papa
    $2,200 21
(Papa: What is South America?)
(Alex: Nope, you're thinking of Cape Horn instead of the Cape of Good Hope, which is in [*].)

Africa

Papa
    $2000 9
Amber

Papa
    $2000 19
(Papa: Who is James I?)

Alfred the Great

AndrewPapa
    $2000 4
Amahl

Papa
    $2000 28
celery

Papa
    $2000 16
(Alex: [*] months apart in order to get the greatest distance.)

6

Triple Stumper
    $2000 22
the Speaker of the House

Papa

Scores at the end of the Double Jeopardy! Round:

Andrew Papa Matt
$4,600 $23,000 $8,400

[wagering suggestions for these scores]

Final Jeopardy! Round responses

FORMER WORLD CAPITALS
(Alex: We come to Papa... don't you love the sound of that? Come to Papa? Come to Papa!)
...
(Alex: What a great Final, and boy, what a big comeback for you. How do you feel about all this?)
(Papa: Um, I guess a little bit excited.)
(Alex: Just a little?)
(Papa: Just a little.)
(Alex: Just a little excited. We're back to our regular games on our next Jeopardy! Please join us then. So long, everybody! [Pats Papa on the shoulder] Way to go.)
[Papa's parents shake hands with the parents of the other finalists.]
AndrewWhat is St. Petersburg
$4,599
MattWhat is Stalingrad?
$8,400
PapaWhat is St. Petersburg?
$1,601
St. Petersburg

Final scores:

Andrew Papa Matt
$9,199 $24,601 $0

Cumulative scores:

Andrew Papa Matt
$15,699 $28,601 $11,800
1st runner-up: $25,000 Tournament champion: $75,000 2nd runner-up: $15,000

Game dynamics:

Coryat scores:

Andrew Papa Matt
$4,600 $22,800 $8,400
7 R,
1 W
24 R
(including 2 DDs),
5 W
(including 1 DD)
19 R,
4 W

Combined Coryat: $35,800

[game clues] [game scores] [suggest correction]

Game tape date: Unknown
The J! Archive is created by fans, for fans. Scraping, republication, monetization, and malicious use prohibited; this site may use cookies and collect identifying information. See terms. The Jeopardy! game show and all elements thereof, including but not limited to copyright and trademark thereto, are the property of Jeopardy Productions, Inc. and are protected under law. This website is not affiliated with, sponsored by, or operated by Jeopardy Productions, Inc. Join the discussion at JBoard.tv.